[Event "Défi"]
[Site "www.echecsemail.com"]
[Date "2026.01.03"]
[Round "1"]
[White "Marcol"]
[Black "Mc2108"]
[WhiteElo "1000"]
[BlackElo "1310"]
[Result "0-1"]
1.d4 d5
2.Bc1g5 Ng8f6
3.Bg5xf6 gxf6
4.e3 Nb8c6
5.Bf1b5 e6
6.Bb5xc6 bxc6
7.a4 Bf8d6
8.Ng1f3 h6
9.Nb1c3 O-O
10.g4 a5
11.h4 c5
12.dxc5 Bd6xc5
13.Nc3b5 Bc8a6
14.Nb5c3 Qd8d6
15.g5 fxg5
16.hxg5 hxg5
17.Nf3xg5 d4
18.exd4 Bc5xd4
19.Nc3e4 Qd6b4
20.Qd1d2 Qb4xb2
21.Qd2d1 Qb2b4
22.Ne4d2 Ba6b7
23.Ng5h7 Kg7
24.Nh7xf8 Ra8xf8
25.Ra1b1 Bd4b2
26.Kf1 Bb7xh1
27.Ke2 Bh1c6
28.c3 Qb4c5
29.f3 Qc5e5
30.Kf2 Qe5h2
31.Ke3 Bb2xc3
32.Rb1b3 Qh2e5
33.Nd2e4 Bc6xa4
34.Kf2 Qe5h2
35.Ke3 Ba4xb3
36.Qd1xb3 Qh2h6
37.Kd3 Bc3e1
38.Qb3b7 a4
39.Qb7xc7 a3
40.Ne4d6 Qh6g6
41.Kd4 Qg6f6
42.Ke4 Qf6g6
43.Kd4 Be1f2
44.Ke5 Qg6g5
45.Ke4 Qg5e3
0-1

[Event "ON THE ROAD AGAIN"]
[Site "www.echecsemail.com"]
[Date "2026.01.03"]
[Round "1"]
[White "Legrillon"]
[Black "Tartu"]
[WhiteElo "1700"]
[BlackElo "1700"]
[Result "0-1"]
1.e4 e5
2.Ng1f3 Ng8f6
3.Bf1c4 Bf8c5
4.O-O O-O
5.d3 Nb8c6
6.Bc1g5 h6
7.Bg5h4 Bc5e7
8.Nb1c3 a6
9.Bh4xf6 Be7xf6
10.a3 b5
11.Bc4d5 Rf8e8
12.b4 Bc8b7
13.Bd5xc6 Bb7xc6
14.h3 d6
15.Nc3e2 d5
16.exd5 Bc6xd5
17.Nf3h2 e4
18.c3 exd3
19.Qd1xd3 Bd5c4
20.Qd3xd8 Ra8xd8
21.Ne2f4 Bc4xf1
22.Nh2xf1 Bf6xc3
23.Ra1b1 Re8e1
24.Rb1xe1 Bc3xe1
25.Nf4e2 Rd8d3
26.Nf1e3 Rd3xa3
27.Ne3c2 Ra3a2
28.Ne2d4 Be1c3
29.g3 Bc3xd4
30.Nc2xd4 Ra2b2
31.Nd4c6 g5
32.Nc6b8 Rb2xb4
33.Nb8xa6 Rb4b2
34.Na6xc7 b4
35.Nc7d5 b3
36.Nd5c3 Rb2c2
37.Nc3a4 b2
38.Na4xb2 Rc2xb2
39.Kg2 Kg7
40.g4 Kg6
41.Kg3 f5
42.gxf5 Kxf5
43.f3 h5
{ abandon }0-1

[Event "Tournoi n27321"]
[Site "www.echecsemail.com"]
[Date "2026.01.03"]
[Round "1"]
[White "Aramis"]
[Black "Hermite"]
[WhiteElo "1570"]
[BlackElo "1520"]
[Result "1-0"]
1.e4 e5
2.Bf1c4 d6
3.Ng1f3 Bf8e7
4.d3 Bc8d7
5.a3 b5
6.Bc4b3 c5
7.c4 bxc4
8.Bb3xc4 Nb8c6
9.O-O Nc6d4
10.Bc1e3 Nd4c6
11.Qd1d2 Bd7g4
12.Qd2d1 h6
13.Nb1d2 Nc6d4
14.Be3xd4 Be7h4
15.Bc4b5 Bg4d7
16.Bb5xd7 Qd8xd7
17.Bd4e3 Bh4e7
18.Ra1b1 f5
19.exf5 Qd7xf5
20.Nd2c4 g5
21.h3 g4
22.hxg4 Qf5g6
23.Nf3h2 Ng8f6
24.a4 h5
25.f3 hxg4
26.fxg4 Qg6h7
27.Nh2f3 Qh7h1
28.Kf2 Nf6xg4
29.Ke2 Qh1xg2
30.Be3f2 Rh8f8
31.Qd1c1 Qg2xf3
32.Kd2 Be7g5
33.Bf2e3 Qf3g2
34.Kc3 Bg5xe3
35.Nc4xe3 Ng4xe3
36.Rf1xf8 Kxf8
37.Qc1xe3 Qg2g7
38.Qe3e4 Ra8d8
39.b3 d5
40.Qe4f5 Kg8
41.Qf5e6 Kh8
42.Rb1h1 { abandon }1-0

[Event "Défi"]
[Site "www.echecsemail.com"]
[Date "2026.01.03"]
[Round "1"]
[White "Wenoketo"]
[Black "Jeanre"]
[WhiteElo "1650"]
[BlackElo "1640"]
[Result "1-0"]
1.d4 Ng8f6
2.Ng1f3 d5
3.Bc1f4 Bc8f5
4.Nb1d2 e6
5.h3 h6
6.e3 Bf8b4
7.c3 Bb4a5
8.Bf1e2 O-O
9.O-O Nb8d7
10.b4 Ba5b6
11.a4 a5
12.b5 Ra8c8
13.Ra1c1 c5
14.dxc5 Nd7xc5
15.Nf3d4 Rf8e8
16.Nd4xf5 exf5
17.Qd1c2 Nc5e4
18.Nd2xe4 fxe4
19.Rf1d1 Nf6h5
20.Be2xh5 g6
21.Bh5g4 Rc8c4
22.Bg4e2 Rc4c5
23.Rd1d4 g5
24.Bf4h2 Bb6c7
25.Bh2xc7 Qd8xc7
26.Qc2b3 Re8d8
27.Rd4d2 f5
28.Rd2c2 Rd8c8
29.Be2f1 b6
30.Bf1e2 f4
31.exf4 Qc7xf4
32.Be2h5 Qf4e5
33.g3 Kh7
34.Bh5g4 Rc8c7
35.Bg4e2 Kg6
36.g4 Kf6
37.Qb3b2 Ke6
38.Qb2b3 Kd6
39.Be2f1 Qe5f4
40.Bf1g2 Qf4e5
41.Qb3b2 Ke6
42.Bg2f1 Kd6
43.Qb2a3 Ke6
44.Qa3b3 Kd6
45.Qb3a3 Ke6
46.Qa3b3 Kd6
47.c4 d4
48.Kg2 Qe5f4
49.Qb3g3 Rc7f7
50.Qg3xf4 Rf7xf4
51.Rc2d2 d3
52.Bf1xd3 exd3
53.Rd2xd3 Ke5
54.f3 Rc5xc4
55.Rd3e3 Kd5
56.Rc1d1 Kc5
57.Re3e6 Rc4xa4
58.Re6xh6 Ra4a3
59.Rd1f1 Ra3e3
60.Rh6h5 Kxb5
61.Rh5xg5 Ka6
62.h4 Re3e8
63.h5 a4
64.Rf1a1 b5
65.Rg5g6 Ka5
66.h6 Re8h8
67.g5 b4
68.Rg6g7 b3
69.Rg7a7 Kb4
70.Ra1xa4 { abandon }1-0

[Event "Tournoi n27331"]
[Site "www.echecsemail.com"]
[Date "2026.01.03"]
[Round "1"]
[White "Legrillon"]
[Black "Hermite"]
[WhiteElo "1690"]
[BlackElo "1520"]
[Result "0-1"]
1.e4 e5
2.Ng1f3 Ng8f6
3.d3 d6
4.Bc1g5 Bf8e7
5.h3 c6
6.c4 Nf6d7
7.Bg5xe7 Qd8xe7
8.Bf1e2 d5
9.cxd5 cxd5
10.exd5 e4
11.dxe4 Qe7b4
12.Nb1d2 Qb4xb2
13.O-O Qb2f6
14.e5 Nd7xe5
15.Ra1c1 O-O
16.Nf3xe5 Qf6xe5
17.Nd2f3 Qe5f6
18.Rf1e1 Bc8d7
19.Be2d3 Nb8a6
20.Bd3xa6 bxa6
21.Nf3e5 Bd7a4
22.Qd1d3 Ba4b5
23.Qd3b3 Rf8d8
24.Ne5g4 Qf6f5
25.Ng4e3 Qf5g6
26.Rc1c7 Bb5d7
27.Kh2 Qg6d6
28.Kh1 Qd6xc7
29.Ne3c4 Ra8b8
30.Qb3c3 Qc7f4
31.Kg1 Rb8c8
32.Re1e3 Rc8xc4
33.Qc3e1 h6
34.g3 Qf4d6
35.Re3e5 Rc4c5
36.Qe1e4 Bd7e6
37.dxe6 fxe6
38.Re5xc5 Qd6xc5
39.Qe4xe6 Kh8
40.Qe6xa6 Rd8d1
41.Kg2 Qc5d5
{ abandon }0-1

[Event "Défi( 10J+24H/c 10J Max )"]
[Site "www.echecsemail.com"]
[Date "2026.01.03"]
[Round "1"]
[White "Woluwe1975"]
[Black "Snarf"]
[WhiteElo "1620"]
[BlackElo "1720"]
[Result "1-0"]
1.d4 d5
2.Bc1f4 a6
3.e3 Ng8f6
4.Bf1d3 h6
5.Nb1d2 Bc8g4
6.Ng1e2 e6
7.f3 Bg4h5
8.O-O Bf8d6
9.Bf4e5 Bd6xe5
10.dxe5 Nf6d7
11.Ne2g3 Bh5g6
12.Bd3xg6 fxg6
13.f4 Nb8c6
14.Nd2b3 Qd8e7
15.Nb3d4 Nd7b8
16.c3 O-O
17.a4 Nb8d7
18.a5 Qe7h4
19.Qd1d3 Kh7
20.b4 Qh4d8
21.Nd4xe6 Qd8e7
22.Ne6xf8 Nd7xf8
23.Qd3xd5 Ra8d8
24.Qd5e4 Nf8e6
25.f5 Ne6g5
26.fxg6 Kg8
27.Qe4c2 Nc6xe5
28.Ng3f5 Qe7e6
29.Nf5h4 Rd8d3
30.Kh1 Rd3xe3
31.Rf1e1 Re3xe1
32.Ra1xe1 Qe6f6
33.Qc2b3 Kh8
34.Qb3c2 Kg8
35.Qc2a4 Ne5xg6
36.Nh4xg6 Qf6xg6
37.Qa4d7 Qg6c2
38.Qd7xc7 Kh7
39.h4 Ng5e4
40.Qc7e5 Ne4f2
41.Kg1 Nf2g4
42.Qe5e4 Qc2xe4
43.Re1xe4 { abandon }1-0

[Event "TRISTAN DA CUNHA"]
[Site "www.echecsemail.com"]
[Date "2026.01.03"]
[Round "1"]
[White "Orosco"]
[Black "Casisimed"]
[WhiteElo "2270"]
[BlackElo "1640"]
[Result "1-0"]
1.e4 e5
2.Ng1f3 Nb8c6
3.Nb1c3 Ng8f6
4.Bf1c4 Bf8c5
5.d3 O-O
6.Bc1g5 d6
7.O-O Bc8g4
8.h3 Bg4h5
9.Nc3d5 Nf6xd5
10.Bg5xd8 Nd5f4
11.Bd8xc7 Ra8c8
12.b4 Bh5xf3
13.Qd1xf3 Bc5xb4
14.c3 Bb4xc3
15.Bc7xd6 Nc6d4
16.Qf3d1 Nd4e2
17.Kh2 Rc8d8
18.Bd6xf8 Kxf8
19.g3 Bc3xa1
20.gxf4 Ne2xf4
21.Qd1xa1 { abandon }1-0

[Event "Tournoi n27318"]
[Site "www.echecsemail.com"]
[Date "2026.01.03"]
[Round "1"]
[White "Gognol"]
[Black "Titi050"]
[WhiteElo "1910"]
[BlackElo "1780"]
[Result "1-0"]
1.e4 e6
2.b3 d5
3.e5 c5
4.d4 Nb8c6
5.Ng1f3 Qd8b6
6.Bc1b2 cxd4
7.Nf3xd4 Bf8c5
8.Bf1b5 Bc8d7
9.Bb5xc6 Bd7xc6
10.O-O Ng8e7
11.Nd4f3 Ne7g6
12.Nb1c3 O-O
13.Nc3e2 Qb6c7
14.Ne2g3 a5
15.a4 Bc5b4
16.c3 Bb4e7
17.Rf1e1 Rf8d8
18.Ng3h5 Qc7b6
19.Bb2c1 Ra8c8
20.Bc1e3 Qb6c7
21.Be3d4 b6
22.Qd1d3 Be7c5
23.Ra1c1 Bc5xd4
24.cxd4 Qc7e7
25.h3 Bc6b7
26.Rc1b1 Qe7b4
27.Qd3d1 Rc8c3
28.Re1e2 Bb7a6
29.Re2e3 Rd8c8
30.Nf3e1 Ng6e7
31.Re3xc3 Rc8xc3
32.Nh5f4 Ne7f5
33.Nf4d3 Nf5xd4
34.Nd3xb4 { abandon }1-0

[Event "Amical( 10J+24H/c 10J Max )"]
[Site "www.echecsemail.com"]
[Date "2026.01.03"]
[Round "1"]
[White "Woluwe1975"]
[Black "Patau"]
[WhiteElo "1610"]
[BlackElo "1670"]
[Result "1/2-1/2"]
1.d4 f5
2.f3 g6
3.e4 Bf8g7
4.Nb1c3 fxe4
5.fxe4 d6
6.h3 Ng8f6
7.Ng1f3 O-O
8.Bc1e3 Bc8e6
9.d5 Be6f7
10.Qd1d2 e6
11.O-O-O c6
12.Kb1 cxd5
13.exd5 exd5
14.Nc3xd5 Nf6xd5
15.Be3h6 Nb8c6
16.Bh6xg7 Kxg7
17.h4 Qd8b6
18.Nf3g5 Ra8e8
19.Bf1c4 Re8e5
20.Bc4xd5 Bf7xd5
21.Qd2c3 Kg8
22.Ng5f3 Re5e3
23.Qc3d2 Bd5xf3
24.gxf3 Re3xf3
25.Qd2xd6 Rf3f2
26.Qd6e6 Kg7
27.Rd1d7 Rf8f7
28.Rd7xf7 Rf2xf7
29.Qe6e2 Qb6f2
30.Qe2c4 Qf2f4
31.Qc4c3 Qf4f6
32.Qc3e1 Nc6d4
33.h5 Nd4f3
34.h6 Kg8
35.Qe1e8 Rf7f8
36.Qe8e2 Nf3d2
37.Qe2xd2 Qf6f1
38.Qd2c1 Qf1xc1
39.Kxc1 { nul }1/2-1/2

[Event "TRISTAN DA CUNHA"]
[Site "www.echecsemail.com"]
[Date "2026.01.03"]
[Round "1"]
[White "Mindthegap"]
[Black "Orosco"]
[WhiteElo "1420"]
[BlackElo "2270"]
[Result "0-1"]
1.e4 e5
2.Ng1f3 Nb8c6
3.Nb1c3 Ng8f6
4.Bf1c4 Nf6xe4
5.Nc3xe4 d5
6.Bc4d3 dxe4
7.Bd3xe4 Bf8d6
8.O-O O-O
9.c3 Bc8g4
10.h3 Bg4e6
11.b4 f5
12.Be4b1 e4
13.Nf3d4 Nc6xd4
14.cxd4 Bd6xb4
15.a3 Qd8xd4
16.axb4 Qd4xa1
17.Bb1d3 exd3
18.Rf1e1 Ra8e8
19.g3 f4
20.h4 fxg3
21.Re1f1 Qa1d4
22.Kh1 Qd4xh4
23.Kg1 Qh4h2
0-1

[Event "Eq:Les Rois du Succes-Mission Impossible :"]
[Site "www.echecsemail.com"]
[Date "2026.01.03"]
[Round "1"]
[White "Sarcoidose59"]
[Black "Youliyouli"]
[WhiteElo "2010"]
[BlackElo "1880"]
[Result "1-0"]
1.c4 e5
2.Nb1c3 Ng8f6
3.Ng1f3 Nb8c6
4.d3 Bf8c5
5.Bc1g5 h6
6.Bg5xf6 Qd8xf6
7.Nc3d5 Qf6d8
8.g3 Nc6d4
9.Bf1g2 Nd4xf3
10.Bg2xf3 c6
11.Nd5c3 Qd8b6
12.Nc3e4 f5
13.Ne4xc5 Qb6xc5
14.Bf3h5 Kd8
15.O-O e4
16.e3 Rh8g8
17.Bh5e2 d5
18.d4 Qc5a5
19.cxd5 Qa5xd5
20.b3 g5
21.Be2c4 Qd5d7
22.Bc4xg8 b5
23.b4 f4
24.Qd1h5 Qd7d6
25.g4 f3
26.Ra1c1 Bc8d7
27.Rc1c5 Bd7e8
28.Bg8f7 Be8d7
29.h3 Kc7
30.Rf1c1 Kb6
31.Bf7g6 Ra8e8
32.Bg6xe8 Bd7xe8
33.Qh5xe8 { abandon }1-0

[Event "Tournoi n27362"]
[Site "www.echecsemail.com"]
[Date "2026.01.03"]
[Round "1"]
[White "Tiounet"]
[Black "Ozon"]
[WhiteElo "1690"]
[BlackElo "1660"]
[Result "1/2-1/2"]
1.a3 e5
2.b4 Nb8c6
3.Bc1b2 a6
4.g3 Ng8f6
5.Bf1g2 Bf8d6
6.Ng1f3 O-O
7.O-O a5
8.b5 Nc6e7
9.a4 b6
10.Nf3xe5 Ra8a7
11.Ne5f3 Nf6h5
12.d3 Bc8b7
13.Nb1d2 Ne7d5
14.Nf3h4 Nh5f6
15.Nh4f5 Bd6b4
16.Nd2c4 Rf8e8
17.Ra1c1 Bb7c8
18.e4 d6
19.Nf5xg7 Kxg7
20.exd5 Kf8
21.Qd1f3 Nf6g8
22.c3 Bb4c5
23.d4 Bc5xd4
24.cxd4 Qd8f6
25.Qf3xf6 Ng8xf6
26.Rf1e1 Bc8b7
27.Nc4e3 Ra7a8
28.Ne3f5 Ra8c8
29.Re1xe8 Kxe8
30.Rc1e1 Kf8
31.Nf5e7 Rc8e8
32.Bb2c3 Re8xe7
33.Re1xe7 Kxe7
34.Bc3d2 Kd7
35.f4 Nf6xd5
36.Kf2 c6
37.Bg2xd5 cxd5
38.Ke3 Ke6
39.Kd3 { nul }1/2-1/2

[Event "Transval"]
[Site "www.echecsemail.com"]
[Date "2026.01.03"]
[Round "1"]
[White "Legrillon"]
[Black "Patau"]
[WhiteElo "1700"]
[BlackElo "1700"]
[Result "1-0"]
1.e4 e5
2.Ng1f3 c6
3.Nf3xe5 Qd8e7
4.d4 d6
5.Ne5f3 Qe7xe4
6.Bc1e3 Bc8g4
7.Bf1e2 Nb8d7
8.O-O O-O-O
9.Be2d3 Qe4e8
10.Nb1d2 d5
11.h3 Bg4h5
12.Bd3e2 Ng8f6
13.Nf3h2 Bh5xe2
14.Qd1xe2 Bf8d6
15.Nh2g4 Nf6xg4
16.Qe2xg4 g6
17.c4 f5
18.Qg4f3 dxc4
19.Nd2xc4 Nd7f6
20.Nc4xd6 Rd8xd6
21.Rf1e1 Nf6e4
22.Ra1d1 Rd6d5
23.Be3f4 Qe8d7
24.Bf4e5 Rh8e8
25.b4 Qd7e6
26.a4 Rd5xe5
27.dxe5 Qe6xe5
28.Rd1d3 Qe5b2
29.b5 Qb2c2
30.bxc6 bxc6
31.Rd3c3 Qc2xc3
32.Qf3xc3 Ne4xc3
33.Re1xe8 Kd7
34.Re8a8 Kd6
35.Ra8xa7 h5
36.Ra7g7 Nc3xa4
37.Rg7xg6 Kd5
38.Rg6g5 Ke4
39.Rg5xh5 c5
40.f3 Kf4
41.Kf2 c4
42.Rh5h4 Ke5
43.Rh4xc4 Na4b2
44.f4 Kd5
45.Rc4c2 Nb2d3
46.Kg3 Ke4
47.Rc2c4 Kd5
48.Rc4a4 Nd3c5
49.Ra4a5 Kd4
50.Ra5xc5 Kxc5
51.Kh4 { abandon }1-0

[Event "Tournoi n27319"]
[Site "www.echecsemail.com"]
[Date "2026.01.03"]
[Round "1"]
[White "Wenoketo"]
[Black "Mandrak"]
[WhiteElo "1660"]
[BlackElo "1580"]
[Result "1/2-1/2"]
1.d4 g6
2.Ng1f3 d6
3.Bc1f4 Bf8g7
4.Nb1d2 e6
5.e3 Nb8c6
6.Bf1e2 Qd8e7
7.O-O Ng8f6
8.c3 b5
9.Ra1c1 a6
10.h3 O-O
11.b4 Nc6d8
12.Nd2b3 Nd8b7
13.Nb3d2 c6
14.Rf1e1 c5
15.a3 Bc8d7
16.Nd2b3 h6
17.bxc5 d5
18.Nf3e5 Nb7d8
19.Ne5xd7 Qe7xd7
20.Qd1c2 Nf6e4
21.Be2f3 f5
22.Bf3xe4 fxe4
23.Nb3d2 Nd8c6
24.Nd2b1 Rf8f5
25.Re1f1 a5
26.Nb1d2 Kf7
27.Rc1b1 Nc6a7
28.Rb1b2 e5
29.Bf4h2 Ra8c8
30.Nd2b3 a4
31.Nb3c1 Qd7b7
32.g4 Rf5f3
33.Kg2 Ke6
34.Nc1e2 Qb7e7
35.Ne2g1 Rf3f7
36.Qc2e2 g5
37.f4 exf4
38.exf4 Rc8f8
39.f5 Kd7
40.Qe2e3 Rf8h8
41.Ng1e2 h5
42.Rf1h1 h4
43.Bh2d6 Qe7d8
44.Rh1f1 Bg7f6
45.Rf1b1 Qd8a5
46.Qe3d2 Qa5a6
47.Ne2c1 Rh8b8
48.Nc1a2 Na7c6
49.Na2b4 Nc6xb4
50.cxb4 Rb8c8
51.Qd2e3 Rc8e8
52.Rb2c2 Qa6c6
53.Rc2e2 Kd8
54.Qe3g1 Kd7
55.Qg1h2 Bf6xd4
56.Rb1d1 Bd4f6
57.Qh2g1 Bf6c3
58.Qg1f2 Bc3f6
59.Qf2g1 Bf6c3
{ nul }1/2-1/2

[Event "Défi( 10J+24H/c 10J Max )"]
[Site "www.echecsemail.com"]
[Date "2026.01.03"]
[Round "1"]
[White "Jeff75019"]
[Black "Patau"]
[WhiteElo "1450"]
[BlackElo "1680"]
[Result "1/2-1/2"]
1.e4 e5
2.Ng1f3 Nb8c6
3.Bf1c4 Ng8f6
4.d4 exd4
5.Nf3xd4 Nf6xe4
6.Bc1e3 d5
7.Bc4b5 Bc8d7
8.Nd4b3 Nc6e7
9.Bb5d3 Ne7f5
10.Be3d2 Ne4xd2
11.Qd1xd2 Qd8e7
12.Bd3e2 Bd7b5
13.O-O Bb5xe2
14.Rf1e1 O-O-O
15.Re1xe2 Qe7f6
16.c3 Bf8d6
17.a4 Qf6h6
18.h3 Qh6xd2
19.Re2xd2 Rd8e8
20.Nb1a3 Bd6xa3
21.bxa3 c6
22.a5 Nf5d6
23.Nb3c5 Nd6c4
24.Rd2d4 b6
25.Nc5a6 Kb7
26.Na6b4 c5
27.Rd4xd5 cxb4
28.Rd5d7 Kc6
29.Rd7xf7 bxa5
30.axb4 axb4
31.cxb4 Re8b8
32.Ra1b1 a5
33.Rf7xg7 Rb8xb4
34.Rb1c1 Kb6
35.Rg7e7 Rh8d8
36.Re7xh7 a4
37.Rh7h4 Kb5
{ nul }1/2-1/2

[Event "Tournoi n27362"]
[Site "www.echecsemail.com"]
[Date "2026.01.03"]
[Round "1"]
[White "Tiounet"]
[Black "Hermite"]
[WhiteElo "1670"]
[BlackElo "1510"]
[Result "1-0"]
1.a3 d5
2.b4 e6
3.Bc1b2 Ng8f6
4.g3 a5
5.b5 c6
6.bxc6 bxc6
7.Bf1g2 Nb8d7
8.Ng1f3 Bf8e7
9.O-O Qd8b6
10.Qd1c1 Bc8a6
11.d3 g5
12.Nb1d2 h6
13.c4 Qb6c5
14.Bb2d4 Qc5d6
15.cxd5 cxd5
16.a4 e5
17.Bd4b2 O-O
18.Nd2b3 Ra8c8
19.Qc1d2 Kg7
20.Rf1c1 e4
21.dxe4 Kg8
22.e5 Qd6b6
23.exf6 Nd7xf6
24.Nf3d4 Ba6c4
25.Nb3xa5 Qb6xa5
26.Qd2xa5 { abandon }1-0

[Event "Défi( 10J+24H/c 10J Max )"]
[Site "www.echecsemail.com"]
[Date "2026.01.03"]
[Round "1"]
[White "Sierra117"]
[Black "Gonzok67"]
[WhiteElo "1660"]
[BlackElo "1850"]
[Result "0-1"]
1.e4 c5
2.Ng1f3 Nb8c6
3.d4 cxd4
4.Nf3xd4 e6
5.Bc1e3 g6
6.Nb1c3 a6
7.f3 Bf8g7
8.Qd1d2 Ng8e7
9.g4 b5
10.O-O-O O-O
11.Bf1e2 Bc8b7
12.h4 b4
13.Nc3b1 Qd8a5
14.a3 bxa3
15.Nb1xa3 Qa5a4
16.Nd4b3 Nc6b4
17.Kb1 d5
18.Be3c5 Rf8e8
19.Bc5xb4 Qa4d7
20.exd5 exd5
21.Nb3c5 Qd7c7
22.Rh1g1 Bb7c8
23.f4 Re8d8
24.Nc5d3 Bc8e6
25.Nd3c5 Qc7b8
26.Nc5xe6 fxe6
27.Bb4xe7 Qb8xb2
0-1

[Event "Défi"]
[Site "www.echecsemail.com"]
[Date "2026.01.03"]
[Round "1"]
[White "Gediato30"]
[Black "Prize640"]
[WhiteElo "2180"]
[BlackElo "2210"]
[Result "0-1"]
1.c4 Ng8f6
2.Nb1c3 g6
3.Ng1f3 Bf8g7
4.g3 O-O
5.Bf1g2 d6
6.O-O Nb8c6
7.d4 a6
8.Bc1g5 Ra8b8
9.Qd1d2 e5
10.d5 Nc6a5
11.b3 b5
12.Bg5xf6 Bg7xf6
13.Nc3e4 b4
14.Ne4xf6 Qd8xf6
15.Ra1c1 Bc8g4
16.h3 Bg4xf3
17.Bg2xf3 Qf6e7
18.a3 Na5xb3
19.Qd2c3 bxc3
{ abandon }0-1

[Event "Marmotte chess  3"]
[Site "www.echecsemail.com"]
[Date "2026.01.03"]
[Round "1"]
[White "Abelito"]
[Black "Marmotte"]
[WhiteElo "1580"]
[BlackElo "1500"]
[Result "0-1"]
1.e4 e5
2.Bf1c4 Bf8c5
3.Ng1f3 d6
4.Nb1c3 Bc8e6
5.Bc4b3 a6
6.d4 Bc5a7
7.Bc1e3 exd4
8.Nf3xd4 Be6d7
9.Qd1h5 g6
10.Qh5f3 Qd8f6
11.Qf3e2 Ba7xd4
12.O-O Bd4xc3
13.bxc3 Nb8c6
14.Bb3d5 Ng8e7
15.Bd5b3 O-O
16.Ra1d1 Qf6xc3
17.Be3h6 Rf8e8
18.Qe2c4 Qc3xc4
19.Bb3xc4 Nc6e5
20.Bc4b3 Ne5g4
21.Bh6c1 Ng4e5
22.Bc1b2 Ne7c6
23.a3 Bd7e6
24.Bb3xe6 fxe6
25.a4 Re8f8
26.c3 Ne5c4
27.Bb2a1 e5
28.Rd1d5 Nc6e7
29.Rd5d1 b6
30.Rd1d3 Ne7c6
31.Rf1b1 Rf8f6
32.g3 Ra8f8
33.Rb1f1 Nc6d8
34.h4 Nd8e6
35.Kg2 Ne6c5
36.Rd3d1 Nc5xe4
37.f3 Nc4e3
{ abandon }0-1

[Event "CC Finale 2025"]
[Site "www.echecsemail.com"]
[Date "2026.01.03"]
[Round "1"]
[White "Aperturaf"]
[Black "Hachevitch"]
[WhiteElo "2820"]
[BlackElo "2600"]
[Result "1/2-1/2"]
1.e4 c5
2.Ng1f3 d6
3.d4 cxd4
4.Qd1xd4 Ng8f6
5.Nb1c3 Nb8c6
6.Bf1b5 Bc8d7
7.Bb5xc6 Bd7xc6
8.Bc1g5 e6
9.Bg5xf6 Qd8xf6
10.Qd4e3 Qf6d8
11.O-O-O Bf8e7
12.Kb1 Qd8c7
13.Nf3d4 Ra8c8
14.g4 Bc6d7
15.f4 O-O
16.g5 b5
17.Nc3xb5 Bd7xb5
18.Nd4xb5 Qc7xc2
19.Ka1 e5
20.Rd1c1 Qc2g2
21.Rc1g1 Qg2c2
22.Rg1c1 Qc2g2
23.Rc1g1 Qg2c2
24.Rg1c1 Qc2g2
1/2-1/2

[Event "OAHU 2"]
[Site "www.echecsemail.com"]
[Date "2026.01.03"]
[Round "1"]
[White "Casisimed"]
[Black "Petitlulu64"]
[WhiteElo "1650"]
[BlackElo "1740"]
[Result "0-1"]
1.e4 e5
2.Ng1f3 d6
3.d4 Bc8g4
4.dxe5 Bg4xf3
5.Qd1xf3 dxe5
6.Bf1c4 Qd8f6
7.Qf3b3 Ng8e7
8.O-O b6
9.Nb1c3 Ne7c6
10.Nc3d5 Qf6d6
11.Nd5e3 Nc6d4
12.Bc4xf7 Kd8
13.Qb3c4 b5
14.Qc4d3 Qd6f6
15.Bf7d5 c6
16.Bd5b3 Nb8a6
17.Ne3g4 Qf6e7
18.Bc1e3 Na6c5
19.Qd3d1 Nc5xb3
20.axb3 c5
21.c3 h5
22.cxd4 hxg4
23.Qd1xg4 Kc7
24.dxc5 Rh8h4
25.Qg4e2 a6
26.Ra1c1 Rh4xe4
27.Qe2f3 Qe7h4
28.Qf3f7 Qh4e7
29.Qf7xe7 Bf8xe7
30.Rf1d1 Ra8d8
31.c6 Rd8xd1
32.Rc1xd1 Kxc6
33.Rd1c1 Kd7
34.Kf1 Re4b4
35.Rc1c3 Be7f6
36.Be3c5 Rb4e4
37.Rc3d3 Kc7
38.f3 Re4h4
39.Bc5f2 Rh4xh2
40.Rd3c3 Kd7
41.Rc3d3 Ke6
42.Rd3c3 Kd6
43.f4 exf4
44.Bf2c5 Kd5
45.Rc3f3 Kxc5
46.Rf3xf4 Bf6xb2
47.Rf4f5 Kb4
48.Rf5f3 Bb2c3
49.Kg1 Rh2h7
50.Kf2 Kxb3
51.Rf3e3 b4
52.Re3e6 Rh7h6
53.Re6e2 a5
54.Ke3 Rh6e6
55.Kd3 Re6xe2
{ abandon }0-1

[Event "TRISTAN DA CUNHA"]
[Site "www.echecsemail.com"]
[Date "2026.01.03"]
[Round "1"]
[White "Orosco"]
[Black "Petitlulu64"]
[WhiteElo "2270"]
[BlackElo "1750"]
[Result "1-0"]
1.e4 e5
2.Ng1f3 Nb8c6
3.Nb1c3 Ng8f6
4.Bf1c4 Bf8c5
5.d3 O-O
6.Bc1g5 Bc5b4
7.O-O Bb4xc3
8.bxc3 a6
9.Qd1d2 d6
10.Ra1b1 Bc8g4
11.Rb1xb7 Bg4xf3
12.gxf3 h6
13.Bg5xf6 Qd8xf6
14.Rb7xc7 Nc6a5
15.Bc4d5 Ra8c8
16.Bd5xf7 Kh7
17.Rc7xc8 Rf8xc8
18.Bf7h5 Rc8g8
19.Rf1b1 g6
20.Bh5g4 h5
21.Bg4h3 Qf6xf3
22.Bh3g2 Qf3g4
23.Rb1b6 h4
24.h3 Qg4e6
25.c4 Rg8c8
26.Qd2xa5 Qe6f6
27.Qa5xa6 Rc8f8
28.Rb6b7 Kh6
29.Qa6a7 Rf8h8
30.c5 dxc5
31.Qa7xc5 Rh8f8
32.Qc5e3 Qf6g5
33.Qe3xg5 Kxg5
34.a4 Rf8c8
35.c4 Rc8d8
36.Bg2f1 Kf4
37.a5 g5
38.Rb7f7 1-0

[Event "Défi( 10J+24H/c 10J Max )"]
[Site "www.echecsemail.com"]
[Date "2026.01.03"]
[Round "1"]
[White "Tunnellavage"]
[Black "Asvel69"]
[WhiteElo "1760"]
[BlackElo "1750"]
[Result "1-0"]
1.e4 e5
2.Ng1f3 Nb8c6
3.Bf1c4 h6
4.Nb1c3 Ng8f6
5.d3 Bf8e7
6.h3 a6
7.a3 O-O
8.O-O d6
9.Kh2 Bc8d7
10.Bc1e3 Nf6h7
11.Nc3e2 Nh7g5
12.Ne2g3 Bd7e6
13.Bc4d5 Be6xd5
14.exd5 Nc6b8
15.Nf3d2 Nb8d7
16.Nd2e4 Ng5xe4
17.dxe4 Be7g5
18.Ng3f5 Bg5xe3
19.fxe3 Nd7f6
20.Qd1f3 Nf6h7
21.h4 c6
22.Qf3h5 Qd8f6
23.Qh5g4 c5
24.c4 Ra8b8
25.Rf1f3 b5
26.Rf3g3 Qf6g6
27.Nf5e7 Kh8
28.Ne7xg6 fxg6
29.Qg4xg6 Rb8b7
30.Qg6xd6 bxc4
31.Qd6xc5 Nh7f6
32.Qc5xf8 Kh7
33.Ra1f1 Nf6xe4
34.Qf8f5 { abandon }1-0

[Event "Eq:Pirates du Mat-Mission Impossible :"]
[Site "www.echecsemail.com"]
[Date "2026.01.03"]
[Round "1"]
[White "Philou"]
[Black "Sarcoidose59"]
[WhiteElo "1920"]
[BlackElo "2010"]
[Result "1-0"]
1.d4 Ng8f6
2.Bc1f4 d6
3.e3 g6
4.Bf1e2 Bf8g7
5.Nb1d2 Nb8d7
6.Ng1f3 O-O
7.c3 Rf8e8
8.Qd1c2 Nd7f8
9.h3 Nf6d7
10.g4 Nf8e6
11.Bf4g3 c6
12.h4 Nd7f8
13.Nd2e4 d5
14.Ne4g5 h6
15.Ng5h3 Nf8d7
16.Be2d3 Ne6f8
17.h5 gxh5
18.gxh5 Nd7f6
19.Nh3f4 e5
20.dxe5 Nf6g4
21.Rh1g1 Ng4xe5
22.Nf3xe5 Re8xe5
23.O-O-O Re5g5
24.Bg3h4 Qd8f6
25.Bh4xg5 hxg5
26.Nf4g2 Bc8g4
27.Rd1f1 Bg4xh5
28.f4 g4
29.f5 Nf8h7
30.Ng2f4 Qf6g5
31.Kb1 Nh7f6
32.Nf4xh5 Qg5xh5
33.Qc2b3 b6
34.Qb3a4 Ra8e8
35.Bd3e2 Qh5h6
36.Be2xg4 Qh6xe3
37.Qa4d1 Qe3e4
38.Ka1 Re8d8
39.Rf1e1 Qe4c4
40.Bg4e2 Qc4c5
41.Qd1d3 Kf8
42.Qd3g3 Nf6e8
43.f6 Bg7xf6
44.Qg3g8 Ke7
45.Be2h5 Kd7
46.Qg8xf7 Kc8
47.Qf7xa7 Ne8c7
48.Bh5g4 Rd8d7
49.Bg4xd7 Kxd7
50.Rg1h1 Qc5f2
51.Rh1h7 Kd6
52.Qa7xc7 Kc5
53.Re1d1 Qf2e2
54.Rd1h1 Qe2d3
55.Rh7h6 Qd3e4
56.Qc7f7 Bf6g5
57.Rh6h5 Kb5
58.Qf7f1 { abandon }1-0

[Event "Coupe Niveau 3"]
[Site "www.echecsemail.com"]
[Date "2026.01.03"]
[Round "1"]
[White "4x4"]
[Black "Elghribi"]
[WhiteElo "1500"]
[BlackElo "1890"]
[Result "0-1"]
1.e4 d6
2.d4 Ng8f6
3.Bf1d3 g6
4.c3 Bf8g7
5.Bc1e3 O-O
6.Qd1d2 Nb8c6
7.Ng1f3 e5
8.d5 Nc6e7
9.c4 Nf6g4
10.Nb1c3 Ng4xe3
11.fxe3 h6
12.O-O-O a6
13.h3 f5
14.Qd2f2 f4
15.exf4 exf4
16.g4 g5
17.h4 Bc8xg4
18.Rd1d2 Ne7g6
19.h5 Bg4xf3
20.Qf2xf3 Ng6e5
21.Qf3h3 g4
22.Qh3h4 Bg7f6
23.Qh4h2 Ne5f3
24.Qh2xf4 Bf6g5
25.Qf4xg4 Nf3xd2
26.Kc2 Nd2f3
27.Qg4e6 Kh8
28.Bd3e2 Nf3d4
29.Kd3 Nd4xe6
30.dxe6 c6
31.Be2g4 Qd8e7
32.Bg4f5 Qe7f6
33.Rh1h2 Qf6e5
34.Rh2f2 Qe5g3
35.Ke2 Qg3e3
36.Kf1 Bg5h4
37.Nc3d1 Qe3d3
38.Kg2 Qd3xd1
39.Rf2f1 Qd1xh5
40.Rf1h1 Qh5e2
41.Kh3 Qe2f3
42.Kxh4 Qf3xh1
43.Bf5h3 Rf8f3
44.Kg4 Qh1xh3
0-1

[Event "Défi"]
[Site "www.echecsemail.com"]
[Date "2026.01.03"]
[Round "1"]
[White "Chomi64"]
[Black "Xercott"]
[WhiteElo "1850"]
[BlackElo "1800"]
[Result "1-0"]
1.d4 Ng8f6
2.Ng1f3 g6
3.Nb1d2 d6
4.e4 Bf8g7
5.Bf1c4 O-O
6.O-O Rf8e8
7.Rf1e1 Bc8g4
8.h3 Bg4d7
9.e5 dxe5
10.Nf3xe5 Bd7f5
11.Bc4xf7 Kh8
12.Bf7xe8 Qd8xe8
13.c3 Nb8c6
14.Qd1f3 Nc6d8
15.Nd2c4 c6
16.Ne5g4 Bf5xg4
17.hxg4 Nd8f7
18.Qf3e2 Qe8d7
19.Nc4e5 Nf7xe5
20.dxe5 Nf6d5
21.Bc1g5 e6
22.Ra1d1 h6
23.Bg5c1 Ra8f8
24.c4 Qd7f7
25.cxd5 cxd5
26.Qe2c2 b6
27.Rd1d4 Kh7
28.Rd4f4 Qf7e7
29.Rf4xf8 Bg7xf8
30.Qc2d2 Qe7h4
31.Qd2f4 Qh4e7
32.g5 h5
33.Qf4f6 Qe7e8
34.Bc1d2 Bf8g7
35.Qf6f3 a6
36.Qf3a3 a5
37.Qa3d6 { abandon }1-0

[Event "Coupe Niveau 3"]
[Site "www.echecsemail.com"]
[Date "2026.01.03"]
[Round "1"]
[White "Senegaulois"]
[Black "4x4"]
[WhiteElo "1960"]
[BlackElo "1510"]
[Result "1-0"]
1.e4 e5
2.Ng1f3 d6
3.Bf1c4 Bc8e6
4.Bc4xe6 fxe6
5.O-O Ng8f6
6.Nb1c3 Nb8c6
7.d3 Qd8d7
8.Nc3e2 O-O-O
9.Bc1g5 h6
10.Bg5d2 g5
11.c3 Nf6h5
12.a4 Nh5f4
13.Bd2e3 Bf8g7
14.b4 Rd8f8
15.b5 Nc6a5
16.c4 c5
17.bxc6 Na5xc6
18.Ra1b1 Bg7f6
19.Ne2c3 b6
20.Qd1c2 Nc6d4
21.Be3xd4 exd4
22.Nc3b5 e5
23.Rb1a1 Nf4e6
24.a5 Ne6f4
25.axb6 axb6
26.Ra1a8 Kb7
27.Ra8a7 Kc6
28.Ra7xd7 Kxd7
29.Rf1b1 g4
30.Nf3d2 h5
31.Qc2b3 h4
32.Nb5a7 h3
33.Qb3xb6 Ke6
34.Qb6b3 Bf6d8
35.c5 Kf6
36.g3 Nf4e2
37.Kf1 Ne2c3
38.Rb1a1 dxc5
39.Ra1a6 Kg5
40.Qb3e6 Rf8f6
41.Qe6xe5 Kg6
42.Ra6xf6 Bd8xf6
43.Qe5f5 Kf7
44.e5 Ke7
45.Qf5xf6 Kd7
46.Qf6xh8 Ke6
47.Qh8e8 Kd5
48.e6 Nc3a2
49.e7 Na2c1
50.Qe8c6 Ke5
51.e8Q Kf5
52.Qe8e6 Kg5
53.Nd2e4 Kh5
54.Qe6g6 1-0